[Event "European Blitz Championship 2021"]
[Site "Katowice"]
[Date "2021.12.17"]
[Round "12.24"]
[White "Pacuszka, Tomasz"]
[Black "Spalir, Jernej"]
[Result "0-1"]
[WhiteElo "2145"]
[BlackElo "2368"]
[Annotator "NA"]
[PlyCount "108"]
[EventDate "2021.12.17"]
[EventType "swiss"]
[EventCountry "POL"]
[SourceTitle "playchess.com"]
[Source "ChessBase"]
[SourceQuality "1"]

1. e4 e5 2. Nf3 Nc6 3. Bb5 a6 4. Ba4 Nf6 5. O-O Be7 6. Re1 b5 7. Bb3 d6 8. c3
O-O 9. a4 Rb8 10. h3 Na5 11. Bc2 c5 12. d4 Nd7 13. d5 c4 14. Be3 Nb7 15. Nbd2
Ndc5 16. Nf1 f5 17. exf5 Bxf5 18. Bxf5 Rxf5 19. Ng3 Rf7 20. Bxc5 Nxc5 21. Ne4
Nd3 22. Re2 h6 23. Ne1 Nf4 24. Rc2 Qd7 25. Kh2 Bd8 26. axb5 axb5 27. Qg4 Qe7
28. g3 Nxd5 29. Rd1 Nf6 30. Qe2 Nxe4 31. Qxe4 Bb6 32. Kg2 Rbf8 33. Rdd2 Qe6 34.
f4 Qf6 35. Nf3 exf4 36. g4 Bc5 37. Qd5 Kh8 38. Re2 Re7 39. Kf1 Rfe8 40. g5 hxg5
41. Nxg5 g6 42. h4 Kg7 43. Qf3 Re3 44. Qc6 Qe7 45. Qg2 Qf6 46. Nf3 Qf5 47. Rcd2
Qb1+ 48. Ne1 f3 49. Qg5 Qxe1+ 50. Kxe1 Rxe2+ 51. Rxe2 Rxe2+ 52. Kd1 Re5 53. Qg3
f2 54. Qf3 Re1+ 0-1

[Event "European Blitz Championship 2021"]
[Site "Katowice"]
[Date "2021.12.17"]
[Round "12.24"]
[White "Swicarz, Maciej"]
[Black "Mirski, Michal"]
[Result "0-1"]
[WhiteElo "2131"]
[BlackElo "2039"]
[Annotator "NA"]
[PlyCount "76"]
[EventDate "2021.12.17"]
[EventType "swiss"]
[EventCountry "POL"]
[SourceTitle "playchess.com"]
[Source "ChessBase"]
[SourceQuality "1"]

1. c4 e5 2. Nc3 Nc6 3. Nf3 g6 4. d4 exd4 5. Nxd4 Bg7 6. Nxc6 bxc6 7. e4 d6 8.
Be3 Nf6 9. f3 O-O 10. Be2 Be6 11. O-O Nd7 12. Qd2 a5 13. Rfd1 Qb8 14. b3 Qb4
15. Rac1 Nc5 16. Kh1 a4 17. Bxc5 Qxc5 18. Nxa4 Qa3 19. Qc2 c5 20. h3 Qb4 21.
Rb1 Bd4 22. Qc1 f5 23. Bd3 f4 24. a3 Qb7 25. Bc2 Qc8 26. b4 Bxh3 27. b5 Be6 28.
Bd3 Qd8 29. g3 fxg3 30. Kg2 Rxa4 31. Rh1 Qf6 32. Be2 h5 33. Qh6 Rxa3 34. Rh4
Rxf3 35. e5 Rf2+ 36. Kh1 g2+ 37. Kh2 Qxe5+ 38. Rf4 Qxf4+ 0-1

[Event "European Blitz Championship 2021"]
[Site "Katowice"]
[Date "2021.12.17"]
[Round "12.25"]
[White "Jagodzinski, Piotr"]
[Black "Tymrakiewicz, Rafal"]
[Result "1-0"]
[WhiteElo "2298"]
[BlackElo "2172"]
[Annotator "ChessBase"]
[PlyCount "123"]
[EventDate "2021.12.17"]
[EventType "swiss"]
[EventCountry "POL"]
[SourceTitle "playchess.com"]
[Source "ChessBase"]
[SourceQuality "1"]

1. Nf3 Nf6 2. b3 g6 3. Bb2 Bg7 4. e3 O-O 5. Be2 d6 6. d4 b6 7. O-O Bb7 8. c4 e6
9. Nc3 Nbd7 10. Qc2 Qe7 11. Rad1 Ne8 12. Nd2 f5 13. Bf3 Bxf3 14. Nxf3 Nef6 15.
e4 fxe4 16. Nxe4 Nh5 17. Bc1 Nf4 18. Ng3 Rf7 19. Qe4 Raf8 20. Rfe1 Nxg2 21.
Kxg2 Rxf3 22. Qxf3 Rxf3 23. Kxf3 e5 24. Kg2 Qh4 25. Re4 Qf6 26. Rde1 h6 27.
dxe5 dxe5 28. Rd1 Nc5 29. Re3 h5 30. b4 Ne6 31. Rf3 Nf4+ 32. Bxf4 exf4 33. Ne4
Qf5 34. Re1 Qg4+ 35. Ng3 h4 36. Re4 hxg3 37. Rexf4 Qe6 38. hxg3 Qc6 39. b5 Qb7
40. Kg1 a6 41. a4 axb5 42. axb5 Qa8 43. Kg2 Qa1 44. Re4 Qc1 45. Re8+ Kh7 46.
Re7 Kh6 47. Rf4 Qb1 48. Rxc7 Be5 49. Rh4+ Kg5 50. Rc6 Kf5 51. Rxb6 g5 52. Rhh6
Qe4+ 53. Kg1 Qe1+ 54. Kg2 Qe4+ 55. Kf1 Qb1+ 56. Kg2 Qe4+ 57. Kh2 Qd4 58. Kg1
Bxg3 59. Rhf6+ Kg4 60. Kg2 Bf4 61. f3+ Kh4 62. Rh6# 1-0

[Event "European Blitz Championship 2021"]
[Site "Katowice"]
[Date "2021.12.17"]
[Round "12.26"]
[White "Froewis, Annika"]
[Black "Kroliczek, Gabriela"]
[Result "1-0"]
[WhiteElo "2100"]
[BlackElo "1726"]
[Annotator "NA"]
[PlyCount "105"]
[EventDate "2021.12.17"]
[EventType "swiss"]
[EventCountry "POL"]
[SourceTitle "playchess.com"]
[Source "ChessBase"]
[SourceQuality "1"]

1. d4 Nf6 2. Nc3 g6 3. e4 Bg7 4. Be3 d6 5. Qd2 h6 6. f3 Nbd7 7. O-O-O a5 8. h4
c6 9. g4 b5 10. Nh3 a4 11. a3 Nb6 12. e5 Nfd5 13. Nxd5 Nxd5 14. Bf2 Be6 15. Nf4
Nxf4 16. Qxf4 dxe5 17. dxe5 Qc7 18. Bd4 O-O 19. Qe3 Rfd8 20. Bg2 Qb7 21. f4
Bxg4 22. Rd2 Rac8 23. Bc5 Rxd2 24. Qxd2 Qc7 25. Rg1 Rd8 26. Qe3 h5 27. Be4 Qd7
28. Bd3 Qd5 29. Bxe7 Rd7 30. Qc5 Qf3 31. Bd6 Qxf4+ 32. Kb1 Bh6 33. Qxc6 Bg7 34.
Rxg4 Qxg4 35. Qc8+ Kh7 36. Bxb5 Rxd6 37. Qxg4 hxg4 38. exd6 Bf6 39. Kc1 Bxh4
40. Bxa4 g3 41. Bc6 f5 42. b4 f4 43. b5 Bd8 44. c4 Bb6 45. d7 g5 46. c5 Bd8 47.
b6 g4 48. b7 Bc7 49. b8=Q Bxb8 50. d8=Q f3 51. Qh4+ Kg6 52. Qxg4+ Kh6 53. Bxf3
1-0

[Event "European Blitz Championship 2021"]
[Site "Katowice"]
[Date "2021.12.17"]
[Round "12.26"]
[White "Molenda, Marcin"]
[Black "Grabarczyk, Miroslaw"]
[Result "0-1"]
[WhiteElo "2097"]
[BlackElo "2279"]
[Annotator "NA"]
[PlyCount "42"]
[EventDate "2021.12.17"]
[EventType "swiss"]
[EventCountry "POL"]
[SourceTitle "playchess.com"]
[Source "ChessBase"]
[SourceQuality "1"]

1. d4 d5 2. c4 e6 3. Nf3 Nf6 4. Nc3 Be7 5. Bf4 O-O 6. Rc1 Nbd7 7. e3 c5 8. cxd5
Nxd5 9. Nxd5 exd5 10. a3 c4 11. Be2 b5 12. O-O Bb7 13. h3 a5 14. Ne5 Nxe5 15.
Bxe5 b4 16. b3 c3 17. a4 Qd7 18. Bd3 Ba6 19. Qc2 Bxd3 20. Qxd3 Rfe8 21. Rfe1
Bf8 0-1

[Event "European Blitz Championship 2021"]
[Site "Katowice"]
[Date "2021.12.17"]
[Round "12.27"]
[White "Wilk, Krzysztof"]
[Black "Starek, Stanislav"]
[Result "1-0"]
[WhiteElo "2206"]
[BlackElo "2159"]
[Annotator "ChessBase"]
[PlyCount "61"]
[EventDate "2021.12.17"]
[EventType "swiss"]
[EventCountry "POL"]
[SourceTitle "playchess.com"]
[Source "ChessBase"]
[SourceQuality "1"]

1. b4 d5 2. Bb2 a5 3. e3 c6 4. Bd4 Qc7 5. Nf3 Nd7 6. bxa5 Rxa5 7. c4 Ngf6 8.
Be2 e5 9. Bc3 Ra8 10. O-O Bd6 11. cxd5 cxd5 12. h3 O-O 13. d3 Nc5 14. Bb4 Rd8
15. Nbd2 e4 16. dxe4 Ncxe4 17. Nxe4 dxe4 18. Bxd6 Rxd6 19. Nd4 Ra5 20. Rc1 Qd8
21. Qb3 Nd5 22. Bc4 Bxh3 23. gxh3 Qg5+ 24. Kh2 Qe5+ 25. f4 exf3+ 26. Kh1 Rh6
27. Rxf3 Ne7 28. Qxb7 Rf6 29. Rxf6 gxf6 30. Rg1+ Ng6 31. Qxf7+ 1-0

[Event "European Blitz Championship 2021"]
[Site "Katowice"]
[Date "2021.12.17"]
[Round "12.28"]
[White "Lewtak, Damian"]
[Black "Luberanski, Jakub"]
[Result "0-1"]
[WhiteElo "2203"]
[BlackElo "2072"]
[Annotator "NA"]
[PlyCount "71"]
[EventDate "2021.12.17"]
[EventType "swiss"]
[EventCountry "POL"]
[SourceTitle "playchess.com"]
[Source "ChessBase"]
[SourceQuality "1"]

1. c3 d5 2. d4 Nf6 3. Bf4 c5 4. e3 e6 5. Nd2 Bd6 6. Ngf3 O-O 7. Bd3 Bxf4 8.
exf4 Nc6 9. dxc5 Qe7 10. b4 e5 11. fxe5 Nxe5 12. Be2 Nd3+ 13. Kf1 Nf4 14. Nd4
Re8 15. Bf3 Ne4 16. Nxe4 dxe4 17. Be2 Qh4 18. Qd2 e3 19. fxe3 Nxg2 20. Nf3
Nxe3+ 21. Qxe3 Qh3+ 22. Kf2 Rxe3 23. Kxe3 Bg4 24. Rhf1 Re8+ 25. Kd2 Qh6+ 26.
Kd1 Bxf3 27. Rxf3 Qxh2 28. Bd3 Qh1+ 29. Rf1 Qh3 30. Kc2 Qg2+ 31. Kb3 f6 32. Rg1
Qd2 33. Bc4+ Kh8 34. Rad1 Qf4 35. Rge1 Rxe1 36. Rd8+ 0-1

[Event "European Blitz Championship 2021"]
[Site "Katowice"]
[Date "2021.12.17"]
[Round "12.28"]
[White "Batashevs, Arsens"]
[Black "Liskiewicz, Jakub"]
[Result "0-1"]
[WhiteElo "2091"]
[BlackElo "1351"]
[Annotator "NA"]
[PlyCount "57"]
[EventDate "2021.12.17"]
[EventType "swiss"]
[EventCountry "POL"]
[SourceTitle "playchess.com"]
[Source "ChessBase"]
[SourceQuality "1"]

1. e4 d6 2. g3 Nf6 3. Bg2 g6 4. d4 Bg7 5. c4 O-O 6. Qc2 Nbd7 7. Nf3 e5 8. dxe5
dxe5 9. O-O c6 10. Rd1 Qc7 11. Nc3 a5 12. b3 Nc5 13. h3 Bd7 14. Ba3 Qb6 15.
Nxe5 Rfd8 16. Nxd7 Nfxd7 17. Kh2 Ne5 18. f4 Ned3 19. e5 Bh6 20. Bxc5 Nxc5 21.
Rxd8+ Rxd8 22. Rd1 Re8 23. Ne4 Nxe4 24. Qxe4 a4 25. bxa4 Qb4 26. Rd7 Qxa4 27.
Rxb7 c5 28. Qc6 Ra8 29. Rb8+ 0-1

[Event "European Blitz Championship 2021"]
[Site "Katowice"]
[Date "2021.12.17"]
[Round "12.29"]
[White "Rog, Bartlomiej"]
[Black "Szczurek, Krzysztof"]
[Result "1-0"]
[WhiteElo "1719"]
[BlackElo "2088"]
[Annotator "NA"]
[PlyCount "125"]
[EventDate "2021.12.17"]
[EventType "swiss"]
[EventCountry "POL"]
[SourceTitle "playchess.com"]
[Source "ChessBase"]
[SourceQuality "1"]

1. b3 d5 2. Bb2 c5 3. e3 Nc6 4. Nf3 Nf6 5. Bb5 Bg4 6. h3 Bh5 7. g4 Bg6 8. Ne5
Qb6 9. Bxc6+ bxc6 10. h4 h6 11. Nxg6 fxg6 12. Nc3 Qb4 13. Rg1 h5 14. g5 Nd7 15.
Qe2 c4 16. Rb1 cxb3 17. axb3 e6 18. Ra1 Qb7 19. Qa6 Qc7 20. Ne2 Nc5 21. Qa5
Qxa5 22. Rxa5 Nb7 23. Ra6 Nc5 24. Rxc6 Kd7 25. Rxc5 Bxc5 26. Nf4 a5 27. Nxg6
Rhg8 28. Ne5+ Kc7 29. Ke2 a4 30. bxa4 Rxa4 31. Nd3 Bd6 32. f4 g6 33. Be5 Ra2
34. Rc1 Rb8 35. c4 dxc4 36. Rxc4+ Kd7 37. Bxd6 Kxd6 38. Ne5 Rg8 39. Rc6+ Ke7
40. Rc7+ Kd6 41. Rd7+ Kc5 42. Rf7 Rd8 43. Nxg6 Rdxd2+ 44. Kf3 Rf2+ 45. Ke4 Ra4+
46. Ke5 Re2 47. Kxe6 Rxe3+ 48. Ne5 Ra6+ 49. Kf5 Rh3 50. Ng6 Ra5 51. Re7 Kd6+
52. Re5 Rxe5+ 53. fxe5+ Kd7 54. e6+ Ke8 55. Kf6 Re3 56. Nf4 Rf3 57. Ke5 Re3+
58. Kf5 Rf3 59. g6 Kf8 60. Kg5 Ke7 61. Nxh5 Kxe6 62. Kh6 Ke7 63. g7 1-0

[Event "European Blitz Championship 2021"]
[Site "Katowice"]
[Date "2021.12.17"]
[Round "12.30"]
[White "Krawczyk, Flawian"]
[Black "Golubovskis, Maksims"]
[Result "1/2-1/2"]
[WhiteElo "2154"]
[BlackElo "2088"]
[Annotator "ChessBase"]
[PlyCount "135"]
[EventDate "2021.12.17"]
[EventType "swiss"]
[EventCountry "POL"]
[SourceTitle "playchess.com"]
[Source "ChessBase"]
[SourceQuality "1"]

1. e4 Nc6 2. d4 e5 3. Nf3 exd4 4. Bc4 Nf6 5. e5 d5 6. Bb5 Ne4 7. O-O Be7 8.
Nxd4 Bd7 9. Bxc6 bxc6 10. f3 Nc5 11. f4 Ne4 12. Nc3 c5 13. Nf3 Nxc3 14. bxc3
Bf5 15. Be3 Qd7 16. h3 h5 17. Qd2 O-O 18. Nh2 Rfd8 19. Bf2 d4 20. Rad1 Qe6 21.
cxd4 cxd4 22. Qe2 Qxa2 23. Qxh5 Bg6 24. Qf3 Qxc2 25. Rxd4 c5 26. Rxd8+ Rxd8 27.
Ng4 Be4 28. Qa3 Rd1 29. Ne3 Rxf1+ 30. Nxf1 Bd3 31. Qa1 c4 32. Ne3 Qb3 33. Qxa7
Qb1+ 34. Kh2 Qb4 35. Nd5 Qd2 36. Nxe7+ Kh7 37. Bd4 Be4 38. Bf2 Qxf4+ 39. Bg3
Qf1 40. Qf2 Qxf2 41. Bxf2 c3 42. Be3 f6 43. exf6 gxf6 44. Kg3 Kg7 45. Kf4 Bxg2
46. h4 Bb7 47. Nf5+ Kh7 48. Bd4 c2 49. Be3 Bc8 50. Nd4 Kg6 51. Nxc2 Kh5 52. Kg3
Bf5 53. Nd4 Bd7 54. Ne2 Kg6 55. Nf4+ Kh7 56. Nd5 Kg6 57. Bd4 f5 58. Nf6 Bc6 59.
h5+ Kg5 60. Bc3 f4+ 61. Kf2 f3 62. Kg3 Bb7 63. Bd4 Bc6 64. Bc3 Bb7 65. Nd7 Kxh5
66. Ne5 Be4 67. Nxf3 Bxf3 68. Kxf3 1/2-1/2

[Event "European Blitz Championship 2021"]
[Site "Katowice"]
[Date "2021.12.17"]
[Round "14"]
[White "Pultinevicius, Paulius"]
[Black "Karpus, Michal"]
[Result "1/2-1/2"]
[WhiteElo "2546"]
[BlackElo "2129"]
[Annotator "RC"]
[PlyCount "170"]
[EventDate "2021.12.17"]
[EventType "swiss"]
[EventCountry "POL"]
[SourceTitle "playchess.com"]
[Source "ChessBase"]
[SourceQuality "1"]

1. d4 Nf6 2. c4 e6 3. Nf3 d5 4. Nc3 Nbd7 5. Bg5 c6 6. e3 h6 7. Bh4 g5 8. Bg3
Nh5 9. Bd3 Nxg3 10. hxg3 Bg7 11. Qc2 Qe7 12. O-O-O dxc4 13. Bxc4 b5 14. Bd3 a6
15. Kb1 c5 16. Be4 Rb8 17. d5 b4 18. Na4 O-O 19. dxe6 Qxe6 20. Nxg5 b3 21. axb3
Qxb3 22. Bh7+ Kh8 23. Qxb3 Rxb3 24. Bc2 Rb4 25. f4 Kg8 26. Ne4 Bb7 27. Nd6 Bc6
28. Kc1 Bxa4 29. Bxa4 Rxa4 30. Nf5 Ra1+ 31. Kc2 Rxd1 32. Rxd1 Nf6 33. Rd6 Ne4
34. Rxa6 Rb8 35. b3 h5 36. Kd3 Nf2+ 37. Kc4 Bf8 38. Ra4 Ne4 39. Kd3 Nf6 40. Kc2
Nd5 41. Rc4 Re8 42. Kd2 Nb4 43. e4 Rd8+ 44. Ke2 Ra8 45. e5 Ra2+ 46. Kf3 Rb2 47.
Rc3 Nd5 48. Rd3 Ne7 49. Nd6 Nc6 50. Ke4 Nd4 51. Nc4 Rxb3 52. Rxb3 Nxb3 53. f5
Nd4 54. Ne3 Nc6 55. Kd5 Nb4+ 56. Ke4 Be7 57. f6 Bf8 58. Kf5 Kh7 59. Nc4 Nc2 60.
Kg5 Nd4 61. Kxh5 Bh6 62. g4 Bf4 63. g5 Ne6 64. Kg4 Bxg5 65. Kf5 Bc1 66. Nd6 Kg8
67. Ke4 Bb2 68. Nc4 Bc3 69. g4 Nd8 70. Kf5 Nc6 71. g5 Nd4+ 72. Ke4 Kh7 73. Ne3
Kg6 74. Nd5 Ne6 75. Nxc3 Nxg5+ 76. Kf4 Ne6+ 77. Ke4 Ng5+ 78. Kd5 Kf5 79. Nb5
Nh7 80. Nd6+ Kg6 81. Ne4 Kf5 82. Ng3+ Kg6 83. Ne4 Kf5 84. Nd6+ Kg6 85. Ne4 Kf5
1/2-1/2

[Event "European Blitz Championship 2021"]
[Site "Katowice"]
[Date "2021.12.17"]
[Round "14.1"]
[White "Duda, Jan-Krzysztof"]
[Black "Demchenko, Anton"]
[Result "1-0"]
[WhiteElo "2756"]
[BlackElo "2655"]
[Annotator "TA"]
[PlyCount "111"]
[EventDate "2021.12.17"]
[EventType "swiss"]
[EventCountry "POL"]
[SourceTitle "playchess.com"]
[Source "ChessBase"]
[SourceQuality "1"]

1. e4 e5 2. Nf3 Nc6 3. Bb5 a6 4. Ba4 d6 5. c3 Bd7 6. O-O g6 7. d4 Bg7 8. h3 h6
9. Re1 Nge7 10. Be3 b6 11. d5 Na5 12. Bxd7+ Qxd7 13. Nfd2 f5 14. f3 f4 15. Bf2
g5 16. c4 Nb7 17. Nc3 h5 18. b4 O-O 19. Nb3 Nd8 20. c5 Rb8 21. c6 Qc8 22. Kf1
Nf7 23. Ke2 Ng6 24. Kd2 Nh6 25. Qe2 g4 26. a4 Bf6 27. Kc2 Kf7 28. b5 a5 29. Nb1
Bh4 30. hxg4 Bxf2 31. Qxf2 hxg4 32. Rh1 Rh8 33. N1d2 Kg7 34. Nc4 g3 35. Qe2 Nf7
36. Kc3 Qd8 37. Nbxa5 bxa5 38. Nxa5 Rh2 39. Nb7 Qc8 40. a5 Rxb7 41. cxb7 Qxb7
42. Kb4 Ne7 43. Rhc1 Qa7 44. Ra2 Ng6 45. Qc4 Qe3 46. a6 Qa7 47. Qxc7 Qd4+ 48.
Qc4 Qa7 49. Ka5 Qe3 50. b6 Nh4 51. a7 Nxf3 52. a8=Q Nd4 53. b7 f3 54. b8=Q fxg2
55. Qg8+ Kf6 56. Qaf8 1-0

[Event "European Blitz Championship 2021"]
[Site "Katowice"]
[Date "2021.12.17"]
[Round "14.2"]
[White "Pakleza, Zbigniew"]
[Black "Schneider, Ilja"]
[Result "0-1"]
[WhiteElo "2496"]
[BlackElo "2486"]
[Annotator "ChessBase"]
[PlyCount "134"]
[EventDate "2021.12.17"]
[EventType "swiss"]
[EventCountry "POL"]
[SourceTitle "playchess.com"]
[Source "ChessBase"]
[SourceQuality "1"]

1. d4 d5 2. Bf4 c5 3. c3 cxd4 4. cxd4 Nc6 5. e3 Nf6 6. Nc3 Bg4 7. Qb3 Na5 8.
Qa4+ Bd7 9. Qc2 e6 10. Bd3 Nh5 11. Be5 Nc6 12. Nf3 Be7 13. a3 f6 14. Bg3 f5 15.
Be5 Nf6 16. O-O Rc8 17. Rfc1 O-O 18. h3 a6 19. Qd1 Be8 20. b4 Bh5 21. Bh2 Ne4
22. Na4 g5 23. Be2 g4 24. Ne5 g3 25. Bxg3 Bxe2 26. Qxe2 Nxg3 27. fxg3 Nxe5 28.
dxe5 Qd7 29. Nc5 Bxc5 30. bxc5 Qg7 31. Rab1 Rc7 32. Qf3 Qxe5 33. Qf4 Qxf4 34.
gxf4 Rfc8 35. Rb6 Rxc5 36. Rxc5 Rxc5 37. Rxb7 Rc3 38. Kf2 Rc2+ 39. Kf3 Rc3 40.
Ke2 Rc2+ 41. Kd3 Rxg2 42. Rb6 Kf7 43. Rxa6 Kf6 44. a4 Rh2 45. Rb6 Rxh3 46. Rb1
Rg3 47. a5 Rg8 48. Kd4 h5 49. a6 h4 50. Kc5 Rc8+ 51. Kd6 h3 52. Kd7 Ra8 53. Ra1
h2 54. Rh1 Rxa6 55. Rxh2 Ra7+ 56. Kd6 Ra6+ 57. Kd7 Ra3 58. Rh6+ Kf7 59. Rh7+
Kg6 60. Rh3 d4 61. Ke7 Rxe3 62. Rh1 d3 63. Rg1+ Kh5 64. Kf6 d2 65. Rd1 Re2 66.
Rg1 Re1 67. Rg5+ Kh4 0-1

[Event "European Blitz Championship 2021"]
[Site "Katowice"]
[Date "2021.12.17"]
[Round "14.3"]
[White "Tazbir, Marcin"]
[Black "Durarbayli, Vasif"]
[Result "0-1"]
[WhiteElo "2508"]
[BlackElo "2629"]
[Annotator "RC"]
[PlyCount "132"]
[EventDate "2021.12.17"]
[EventType "swiss"]
[EventCountry "POL"]
[SourceTitle "playchess.com"]
[Source "ChessBase"]
[SourceQuality "1"]

1. c4 c5 2. g3 Nc6 3. Bg2 g6 4. Nc3 Bg7 5. e3 e6 6. Nge2 Nge7 7. Nf4 a6 8. O-O
Rb8 9. b3 O-O 10. Bb2 d6 11. Na4 b5 12. Bxg7 Kxg7 13. Nb2 Bb7 14. d4 cxd4 15.
exd4 bxc4 16. Nxc4 Na5 17. Bxb7 Rxb7 18. Qd2 Nxc4 19. bxc4 Nf5 20. Rac1 Qf6 21.
Rfd1 Rc8 22. Ne2 h5 23. h4 Rbc7 24. Qd3 Nh6 25. Rc2 Qf5 26. Qxf5 Nxf5 27. Rdc1
Kf6 28. Kg2 Ke7 29. Rc3 Kd7 30. c5 Ne7 31. Ra3 Rc6 32. Nf4 Nd5 33. Nd3 Rb8 34.
cxd6 Rxc1 35. Nxc1 Nb4 36. Nd3 Nxd3 37. Rxd3 Kxd6 38. Ra3 Rb6 39. Ra5 Kc6 40.
Kf3 Kd6 41. Kf4 f6 42. f3 Rc6 43. g4 hxg4 44. fxg4 Ke7 45. Rc5 Rb6 46. h5 gxh5
47. gxh5 Rb2 48. Ra5 Rh2 49. a3 Kf7 50. Kg3 Rd2 51. h6 Rd3+ 52. Kg2 Kg6 53. Rh5
Kh7 54. Ra5 Rxd4 55. Rxa6 Re4 56. Kf3 f5 57. a4 Kxh6 58. a5 Kg6 59. Rb6 Kf6 60.
a6 Ra4 61. Ke3 Ra3+ 62. Kd4 f4 63. Ke4 Ra4+ 64. Kf3 Kf5 65. Rb8 Ra3+ 66. Kf2
Rxa6 0-1

[Event "European Blitz Championship 2021"]
[Site "Katowice"]
[Date "2021.12.17"]
[Round "14.4"]
[White "Donchenko, Alexander"]
[Black "Danielyan, Vahe"]
[Result "0-1"]
[WhiteElo "2645"]
[BlackElo "2332"]
[Annotator "RC"]
[PlyCount "116"]
[EventDate "2021.12.17"]
[EventType "swiss"]
[EventCountry "POL"]
[SourceTitle "playchess.com"]
[Source "ChessBase"]
[SourceQuality "1"]

1. d4 Nf6 2. c4 e6 3. g3 c5 4. d5 exd5 5. cxd5 d6 6. Nc3 g6 7. Bg2 Bg7 8. Nf3
O-O 9. O-O Qe7 10. Re1 Ne4 11. Nxe4 Qxe4 12. Bf4 Qe7 13. Qc2 Nd7 14. e4 Ne5 15.
Nxe5 Bxe5 16. Bxe5 dxe5 17. Rac1 b6 18. f4 Bd7 19. Rcd1 Qd6 20. Rf1 Rae8 21.
Qc3 f6 22. a3 a5 23. Rc1 a4 24. Kh1 h5 25. Qf3 Bg4 26. Qf2 Bd7 27. f5 gxf5 28.
exf5 Kf7 29. Bf3 Rh8 30. Qe2 Ke7 31. Bxh5 Reg8 32. Bf3 Rxg3 33. Rg1 Rgh3 34.
Rg2 Bxf5 35. Rcg1 e4 36. Re1 Kf8 37. Rf2 Qe5 38. Qd2 Ke7 39. d6+ Kd7 40. Bd1 b5
41. Qe2 Kxd6 42. Qd2+ Qd4 43. Qf4+ Qe5 44. Qd2+ Rd3 45. Qe2 e3 46. Rf3 Be4 47.
Kg1 Rd2 48. Qxe3 Qxh2+ 49. Kf1 Qh1+ 50. Qg1 Qxg1+ 51. Kxg1 Rxd1 52. Rxd1+ Ke5
53. Rff1 Rh1+ 54. Kf2 Rh2+ 55. Ke3 Rxb2 56. Rc1 c4 57. Rfe1 f5 58. Rc3 f4# 0-1

[Event "European Blitz Championship 2021"]
[Site "Katowice"]
[Date "2021.12.17"]
[Round "14.5"]
[White "Gdanski, Jacek"]
[Black "Klekowski, Maciej"]
[Result "0-1"]
[WhiteElo "2367"]
[BlackElo "2499"]
[Annotator "ChessBase"]
[PlyCount "118"]
[EventDate "2021.12.17"]
[EventType "swiss"]
[EventCountry "POL"]
[SourceTitle "playchess.com"]
[Source "ChessBase"]
[SourceQuality "1"]

1. e4 c5 2. Nc3 Nc6 3. Nf3 e6 4. d4 cxd4 5. Nxd4 a6 6. Nxc6 bxc6 7. Bd3 d5 8.
O-O Nf6 9. Qe2 Be7 10. b3 O-O 11. Bb2 Bb7 12. Na4 c5 13. e5 Nd7 14. c4 d4 15.
Rae1 Nb6 16. Nxb6 Qxb6 17. Bc1 a5 18. Qh5 g6 19. Qh6 a4 20. bxa4 Rxa4 21. h4
Rfa8 22. h5 Bf8 23. Qg5 Qd8 24. hxg6 fxg6 25. Qg4 Qe8 26. a3 Bc6 27. f4 R4a7
28. f5 exf5 29. Bxf5 Re7 30. Bg5 Rxa3 31. Bxe7 Bxe7 32. Be6+ Kh8 33. Bd5 d3 34.
e6 Bxd5 35. cxd5 Ra4 36. Qg3 Rd4 37. Qe5+ Kg8 38. Rf7 Bf8 39. Ref1 Bh6 40. e7
d2 41. Rf8+ Bxf8 42. exf8=Q+ Qxf8 43. Qe6+ Kg7 44. Qe5+ Kg8 45. Qe6+ Kg7 46.
Qe5+ Kg8 47. Rxf8+ Kxf8 48. Qf6+ Kg8 49. Qe6+ Kg7 50. Qe5+ Kh6 51. Qh2+ Kg5 52.
Qe5+ Kh6 53. Qh2+ Kg5 54. Qe5+ Kg4 55. Qe2+ Kf4 56. Qd1 c4 57. Kf2 c3 58. Ke2
Ke5 59. Qc2 d1=Q+ 0-1

[Event "European Blitz Championship 2021"]
[Site "Katowice"]
[Date "2021.12.17"]
[Round "14.6"]
[White "Kalogeris, Ioannis"]
[Black "Teclaf, Pawel"]
[Result "1/2-1/2"]
[WhiteElo "2287"]
[BlackElo "2543"]
[Annotator "RC"]
[PlyCount "117"]
[EventDate "2021.12.17"]
[EventType "swiss"]
[EventCountry "POL"]
[SourceTitle "playchess.com"]
[Source "ChessBase"]
[SourceQuality "1"]

1. e4 c5 2. Nf3 e6 3. Nc3 a6 4. a4 Nc6 5. Bc4 Bd6 6. d4 cxd4 7. Nxd4 Be5 8. Nf3
Bc7 9. O-O Nf6 10. Re1 Ne5 11. Nxe5 Bxe5 12. f4 Bxc3 13. bxc3 Qc7 14. Qd4 b6
15. e5 Ng8 16. Ba3 Nh6 17. Bd6 Qc6 18. Bd3 Nf5 19. Bxf5 exf5 20. e6 dxe6 21.
Qxg7 Qxd6 22. Qxh8+ Ke7 23. Rad1 Qc5+ 24. Qd4 Bd7 25. Qxc5+ bxc5 26. a5 Rc8 27.
Rb1 Bb5 28. Red1 h5 29. Kf2 h4 30. c4 Bc6 31. Rb6 Be4 32. Rxa6 Rg8 33. Ra7+ Kf6
34. g3 hxg3+ 35. hxg3 Rh8 36. Rdd7 Rh2+ 37. Ke3 Rxc2 38. Rxf7+ Kg6 39. Rg7+ Kh6
40. Rh7+ Kg6 41. Rag7+ Kf6 42. Rd7 Kg6 43. a6 Rc3+ 44. Kf2 Rxc4 45. Rdg7+ Kf6
46. a7 Rc2+ 47. Ke3 Rc3+ 48. Kd2 Rc2+ 49. Kd1 Ra2 50. Rc7 Kg6 51. Rhe7 Kf6 52.
Re8 c4 53. Rf8+ Kg6 54. Rg8+ Kf6 55. Rf8+ Kg6 56. Rg8+ Kf6 57. Rh8 Kg6 58. Rg8+
Kf6 59. Rf8+ 1/2-1/2

[Event "European Blitz Championship 2021"]
[Site "Katowice"]
[Date "2021.12.17"]
[Round "14.7"]
[White "Blohberger, Felix"]
[Black "Vetoshko, Volodymyr"]
[Result "1/2-1/2"]
[WhiteElo "2490"]
[BlackElo "2525"]
[Annotator "RC"]
[PlyCount "66"]
[EventDate "2021.12.17"]
[EventType "swiss"]
[EventCountry "POL"]
[SourceTitle "playchess.com"]
[Source "ChessBase"]
[SourceQuality "1"]

1. d4 d5 2. Nf3 Nf6 3. Bf4 c5 4. e3 Nc6 5. Nbd2 Bf5 6. Bb5 e6 7. Ne5 Qc8 8. c3
a6 9. Bxc6+ bxc6 10. Qa4 Nd7 11. Qxc6 Qxc6 12. Nxc6 f6 13. O-O a5 14. Nb3 a4
15. Nxc5 Nxc5 16. dxc5 Bxc5 17. Nd4 Bxd4 18. cxd4 Kd7 19. b4 Rhc8 20. Rfc1
Rxc1+ 21. Rxc1 Rc8 22. Rxc8 Kxc8 23. a3 Bd3 24. Bd6 Kd7 25. Bf8 g6 26. f3 e5
27. Kf2 exd4 28. exd4 Ke6 29. Ke3 Bc4 30. g4 Bb5 31. h4 Bc4 32. Kf4 Bb5 33. g5
f5 1/2-1/2

[Event "European Blitz Championship 2021"]
[Site "Katowice"]
[Date "2021.12.17"]
[Round "14.8"]
[White "Kulon, Klaudia"]
[Black "Sadzikowski, Daniel"]
[Result "0-1"]
[WhiteElo "2265"]
[BlackElo "2525"]
[Annotator "ChessBase"]
[PlyCount "104"]
[EventDate "2021.12.17"]
[EventType "swiss"]
[EventCountry "POL"]
[SourceTitle "playchess.com"]
[Source "ChessBase"]
[SourceQuality "1"]

1. c4 e6 2. g3 d5 3. Bg2 Nf6 4. Nf3 Be7 5. O-O O-O 6. b3 b6 7. cxd5 exd5 8. Bb2
Bb7 9. d3 c5 10. d4 Nbd7 11. Nbd2 Rc8 12. e3 c4 13. Rc1 b5 14. Ne5 Qb6 15. Ba1
Ba8 16. g4 Nxe5 17. dxe5 Ne4 18. Bxe4 dxe4 19. bxc4 Qe6 20. Qe2 bxc4 21. Nxc4
Bd5 22. Nd6 Bxd6 23. exd6 Qxd6 24. Rxc8 Rxc8 25. Rd1 Qe6 26. h3 f6 27. a3 Bc4
28. Qb2 h5 29. Kh1 hxg4 30. Rg1 Qf7 31. Rxg4 Be6 32. Rg3 Kh7 33. Qd4 Bf5 34.
Kh2 Rc2 35. Rg2 Qd7 36. Qxd7 Bxd7 37. Bd4 a6 38. Kg3 Ra2 39. Bc5 Rc2 40. Bb4
Rc1 41. Kf4 Bc6 42. Bf8 g5+ 43. Kf5 Kg8 44. Bb4 Kf7 45. Kg4 Bd7+ 46. Kg3 Kg6
47. f4 exf3 48. Rd2 Be6 49. Rd6 Kf7 50. Rxa6 Rh1 51. Kxf3 Rxh3+ 52. Ke2 Bc4+
0-1